00328nam a2200109Ia 4500008004100000020002200041082001900063100002400082245007700106260002500183300001000208210430s9999 xx 000 0 und d a978-81-317-0090-7 a620.11 S5241 I aJames F.Shackelford aIntroduction to Materials Science for Engineers 6thcJames F.Shackelford aIndiabDorlingc2010 a776 p